000 00898nam a2200205 4500
999 _c64019
_d64019
003 Ge_BSU
005 20260310143845.0
008 260310s1991 enk||||| |||| 00| 0 eng d
020 _a9780873328593x
041 _aeng
080 _a821.521-32 J-24
245 _aJapanese women writers :
_btwentieth century short fiction /
_cTranslated and edited by Noriko Mizuta Lippit, Kyoko Iriye Selden.
264 _a London :
_bSharpe,
_c1991.
300 _a285 p. :
_bill. ;
_c23 cm.
653 _aიაპონელი ქალი მწერლები
653 _aმეოცე საუკუნის მოკლემეტრაჟიანი მხატვრული ლიტერატურა
700 _aMizuta Lippit, Noriko
_eრედაქტორი
_927099
700 _a Selden, Kyoko Iriye
_eრედაქტორი
_927100
942 _2udc
_cᲬᲘᲒᲜᲘ